000
00205 a2200097 4500
001
56975
100
_a
245
_a
Musalman Ourat
260
_a
Lahore
_b
Beacon Pub
_c
2007
090
_c
34904
_d
34904
942
_a
NUST-CAE
_c
MONOGRAPH
_c
27674
999
_c
292048
_d
292048